000 00897cam a22002174a 4500
005 20250605164020.0
008 250528s ||||||||||||||||||||||||d
035 _a16326
020 _a568980841
040 _aGR-AtMCL
_bgre
_dGR-AtMCL
_eAACR2
245 1 _aJan Tschichold / A Life in Typography
250 _a1st
260 _bPrinceton Architectural Press,
_c1997
300 _a128
505 0 _aJan Tschichold: A Life in Typography, Plates, Early Dates 1902-26, Work in Germany 1927-32, Switzerland 1933-46, Penguin Books 1947-49, After Penguin 1950-70, Chronology, Bibliography, Index.
520 _aJan Tschichold: A Life in Typography, Plates, Early Dates 1902-26, Work in Germany 1927-32, Switzerland 1933-46, Penguin Books 1947-49, After Penguin 1950-70, Chronology, Bibliography, Index.
700 1 _aMclean Ruari
_92406
942 _cBK
999 _c1838
_d1838